000 00216nam a22000857a 4500
008 161116b xxu||||| |||| 00| 0 eng d
100 _91250
_aBPI India
245 _aWe Still Lovve You
260 _aNew Delhi
_bBPI INDIA
_c2011
999 _c3953
_d3953